Classical Chinese furniture /

Bibliographic Details
Main Author: Flacks, Marcus (Author)
Format: Book
Language:English
Published: New York : Vendome Press, 2012.
Subjects:

MARC

Tag First Indicator Second Indicator Subfields
LEADER 00000cam a2200000 i 4500
001 in00002782799
005 20150922150258.0
008 111215s2012 nyua b 001 0 eng
010 |a  2011051675 
020 |a 9780865652910 
020 |a 0865652910 
035 |a (OCoLC)ocn768607477 
040 |a DLC  |e rda  |c DLC  |d UtOrBLW 
043 |a a-cc--- 
049 |a TXAM 
050 0 0 |a NK2668  |b .F59 2012 
082 0 0 |a 749.0951  |2 23 
100 1 |a Flacks, Marcus,  |e author. 
245 1 0 |a Classical Chinese furniture /  |c Marcus Flacks. 
264 1 |a New York :  |b Vendome Press,  |c 2012. 
300 |a 276 pages :  |b illustrations (some color) ;  |c 33 cm. 
336 |a text  |b txt  |2 rdacontent 
337 |a unmediated  |b n  |2 rdamedia 
338 |a volume  |b nc  |2 rdacarrier 
504 |a Includes bibliographical references (page 276) and index. 
505 0 |a A brief history -- Trends in collecting Chinese furniture -- On the selection of pieces for this book -- Chairs -- Stools -- Cabinets and shelves -- Tables -- Reference -- Restoration -- Original condition -- Relative sizes -- Joinery -- Map: origins of timbers -- Materials -- Artist index. 
650 0 |a Furniture  |z China  |x History  |y Ming-Qing dynasties, 1368-1912. 
945 |a PromptCat  |b 108307 
946 |a stk 
947 |a A14835931055 
948 |a cataloged  |b h  |c 2012/12/3  |d c  |e dmitchel  |f 9:50:30 am 
994 |a 92  |b TXA 
999 |a MARS 
999 f f |s 59e9b354-e505-3815-8d7b-62c51abf04bf  |i f2b0265c-6896-37a3-a082-e170108b3b5f  |t 0 
952 f f |p normal  |a Texas A&M University  |b College Station  |c Sterling C. Evans Library  |d Evans: Library Stacks  |t 0  |e NK2668 .F59 2012  |f Oversize  |h Library of Congress classification  |i unmediated -- volume  |m A14835931055 
998 f f |a NK2668 .F59 2012  |t 0  |l Evans: Library Stacks